Personnes célèbres des Hauts de France par images - Statistiques

Statistiques générales
  • Ce quiz a été pris 1 610 fois
    1 525 depuis la dernière actualisation
  • Le résultat moyen est 10 sur 16
Statistiques - réponses
Par images Réponse % Correct
Brigitte Macron
99%
Charles de Gaulle
96%
Danny Boon
93%
Louane Emera
93%
Norman Thavaud
86%
Benjamin Pavard
85%
Pierre Richard
59%
Kamini
58%
Maximilien Robespierre
58%
Camille Cerf
53%
Chantal Ladesou
52%
Juliette Armanet
44%
Valérie Bonneton
31%
Jean de La Fontaine
22%
Camille Claudel
14%
Jeanne Hachette
8%
Aucun quiz correspondant
Distribution des résultats
% des personnes avec chaque résultat
Percentile par nombre de réponses
Votre historique - résultats
Vous n’avez pas pris ce quiz depuis la dernière actualisation